| 000 | 00441nam a22001697a 4500 | ||
|---|---|---|---|
| 003 | NUST - PNEC | ||
| 005 | 20170116181006.0 | ||
| 008 | 150911b xxu||||| |||| 00| 0 eng d | ||
| 020 | _a0879422424 | ||
| 040 | _cLIBRARY | ||
| 082 | _a621.381 BAL | ||
| 100 |
_99264 _a Baliga, B. Jayant |
||
| 245 |
_aHigh voltage integrated circuits _cB. Jayant Baliga |
||
| 260 | _cc.1988 | ||
| 650 |
_91730 _aPower electronics _xEL, EE |
||
| 942 |
_2ddc _cBK |
||
| 999 |
_c66873 _d66873 |
||